000 01250cam a2200277 4500
008 031117n2003 000 0 eng u
020 _a0415266432
035 _a(Sirsi) u124349
041 _aeng
050 _a624.15
_c18
100 _aAtkinson, M. F.
245 _aStructural foundations manual for low rise buildings
250 _a2nd ed.
260 _aLondon
_bSpon
_c2003
300 _aix,253p.
_bill.
_c30cm.
350 _a65
520 _aThis second edition has been completely updated in line with new government guidelines on contaminated land and brownfield sites. Provides practical solutions for the design and foundations for housing and other low-rise buildings, especially those on abnormal or poor ground. Includes sections on foundation design; foundations in cohesive soil, sands and gravels; site investigation; building in mining localities and contaminated land.
520 _aSupersedes first edition (ISBN 0419179402)
650 _aBUILT ENVIRONMENT-BUILDING ELEMENTS-COMPLETE BUILDING ELEMENTS-FOUNDATIONS
650 _aLOW RISE BUILDINGS
650 _aSITE INVESTIGATIONS
650 _aCONTAMINATED LAND
650 _aGROUND ENGINEERING
690 _aBUILT ENVIRONMENT-CONSTRUCTION DESIGN
942 _n0
999 _c103213
_d103213